Estatísticas para Campeões da Copa do Mundo FIFA

Clique aqui para jogar o quiz

Estatísticas Gerais

  • Esse quiz foi jogado 415 vezes
  • A pontuação média é 19 de 20

Estatísticas das Respostas

AnoSedeCampeão% Correto
1930UruguaiUruguai
98%
2014BrasilAlemanha
96%
1970MéxicoBrasil
96%
1958SuéciaBrasil
96%
2002Coreia do Sul e JapãoBrasil
96%
1934ItáliaItália
95%
1994Estados UnidosBrasil
94%
2010África do SulEspanha
94%
1998FrançaFrança
94%
1962ChileBrasil
93%
1978ArgentinaArgentina
92%
1966InglaterraInglaterra
92%
2006AlemanhaItália
92%
1950BrasilUruguai
92%
1974Alemanha OcidentalAlemanha Ocidental
91%
1938FrançaItália
91%
1982EspanhaItália
91%
1986MéxicoArgentina
90%
1990ItáliaAlemanha Ocidental
89%
1954SuiçaAlemanha Ocidental
88%

Distribuição das Pontuações

Percentil de Números Respondidos

Porcentagem de Pessoas com Cada Pontuação

Sua Pontuação Histórica

Você não jogou esse quiz